Efektivnost vědeckotechnických vztahů státu RVHP

Gespeichert in:
Bibliographische Detailangaben
Format: Buch
Sprache:Tschechisch
Veröffentlicht: Praha Ústředí vědeckých, technických a ekonomických informací 1983
Tags: Tag hinzufügen
Keine Tags, Fügen Sie das erste Tag hinzu!

MARC

LEADER 00000nam a2200000 4500
001 c132135
005 20250110103450.3
041 0 |a cze 
044 |a CZ 
245 1 0 |a Efektivnost vědeckotechnických vztahů státu RVHP  |c M.S. Iljin, Dmitrij Aleksejevič Lebin, V.A. Prokudin 
264 1 |a Praha  |b Ústředí vědeckých, technických a ekonomických informací  |c 1983 
300 |a 147 s.